000 01285cad a22002295a 4500
001 E147601
008 090528s2007 xxk f 000 0 eng d
035 _a(Sirsi) u147601
041 0 _aeng
050 0 4 _a711.558 $2 18
110 2 _aLand Use Consultants
_93228
245 0 0 _aMonitoring access and recreation at sensitive natural heritage sites
_h[electronic resource]
260 _a[Redgorton]
_bSNH
_c2007
505 2 _aExecutive summary -- Part 1: rationale and toolkit -- Part 2: using the tools -- Appendix 1: useful materials -- Appendix 2: background reports
520 _aLooks at ways of monitoring access and recreation at sensitive sites, where such access has the potential to cause damage or disturbance. Offers guidance to managers of such sites on the type, scale and patterns of recreational use, and discusses the changes in natural heritage features that may be caused by to such use.
521 _aAdvanced
590 _aKA
651 4 _aScotland
_y1999-
690 _aENVIRONMENTAL AND LAND CONSULTANCY-ENVIRONMENTAL MANAGEMENT-ENVIRONMENTAL CONSERVATION-LANDSCAPE CONSERVATION
856 4 0 _uhttps://www.snh.org.uk/publications/on-line/heritagemanagement/sensitivesites/page_index.asp
_zView the guidance free of charge at www.snh.org.uk...
942 _n0
999 _c109643
_d109643